000 00332nam a22001337a 4500
082 _a551
_bMIL
_cL-15, P-11
100 _aMiller, T.G,
_940309
245 _aGeology
260 _aLondon:
_bW. & G Foyle Ltd,
_cc1950
300 _a111 p.;
_c15cm
526 _a0
_b0
_c0
_d551_000000000000000_MIL
650 _aMCE
_9379
942 _2ddc
_cBK
999 _c544634
_d544634